Central library storage of books an essay awarded the Sevensma Prize, 1962 / (Record no. 812)
[ view plain ]
| 000 -LEADER | |
|---|---|
| fixed length control field | 00884nam a22002417a 4500 |
| 001 - CONTROL NUMBER | |
| control field | 812 |
| 003 - CONTROL NUMBER IDENTIFIER | |
| rucl marc code | BD-RjUL |
| 005 - DATE AND TIME OF LATEST TRANSACTION | |
| control field | 20211208233232.0 |
| 008 - FIXED-LENGTH DATA ELEMENTS--GENERAL INFORMATION | |
| fixed length control field | 131123s1965 xxuao 001 0 eng d |
| 035 ## - SYSTEM CONTROL NUMBER | |
| System control number | (BD-RjUL)832 |
| 040 ## - CATALOGING SOURCE | |
| Original cataloging agency | BD-RjUL |
| Language of cataloging | eng |
| Transcribing agency | BD-RjUL |
| 041 ## - LANGUAGE CODE | |
| Language code of text/sound track or separate title | eng |
| 082 ## - DEWEY DECIMAL CLASSIFICATION NUMBER | |
| Edition number | 20 |
| Classification number | 022.4 |
| Author mark and year | PLC 1965 |
| 100 ## - MAIN ENTRY--PERSONAL NAME | |
| Personal name | Plumb, Philip W. |
| 9 (RLIN) | 2429 |
| 245 ## - TITLE STATEMENT | |
| Title | Central library storage of books an essay awarded the Sevensma Prize, 1962 / |
| Statement of responsibility, etc. | Philip W Plumb |
| 260 ## - PUBLICATION, DISTRIBUTION, ETC. (IMPRINT) | |
| Place of publication, distribution, etc. | London : |
| Name of publisher, distributor, etc. | Library Association , |
| Date of publication, distribution, etc. | 1965 |
| 300 ## - PHYSICAL DESCRIPTION | |
| Pagination | 67 p. |
| Illustrations | ill., photos ; |
| Size | 22 cm. |
| 490 ## - SERIES STATEMENT | |
| Series statement | Library Association pamphlet No. 24 |
| 504 ## - BIBLIOGRAPHY, ETC. NOTE | |
| Bibliography, etc | Includes bibliographical references and index. |
| 650 ## - SUBJECT ADDED ENTRY--TOPICAL TERM | |
| Topical term or geographic name as entry element | Library storage centers. |
| 9 (RLIN) | 2430 |
| 856 ## - ELECTRONIC LOCATION AND ACCESS | |
| Uniform Resource Identifier | <a href="http://www.worldcat.org/title/central-library-storage-of-books-an-essay-awarded-the-sevensma-prize-1962/oclc/174350464&referer=brief_results">http://www.worldcat.org/title/central-library-storage-of-books-an-essay-awarded-the-sevensma-prize-1962/oclc/174350464&referer=brief_results</a> |
| 942 ## - ADDED ENTRY ELEMENTS (KOHA) | |
| Source of classification or shelving scheme | Dewey Decimal Classification |
| Koha item type | Books |
| Lost status | Source of classification or shelving scheme | Damaged status | Not for loan | Collection code | Permanent Location | Current Location | Shelving location | Date acquired | Source of acquisition | Cost, normal purchase price | Total Checkouts | Full call number | Date last seen | Copy number | Koha item type |
|---|---|---|---|---|---|---|---|---|---|---|---|---|---|---|---|
| Dewey Decimal Classification | Not For Loan | Non-fiction | Central Library, University of Rajshahi | Central Library, University of Rajshahi | Reading Room | 27/08/1964 | Zeitliger | 16.00 | 022.4 PLC 1965 | 23/11/2013 | C-1 | Books | |||
| Dewey Decimal Classification | Non-fiction | Central Library, University of Rajshahi | Central Library, University of Rajshahi | 27/08/1964 | Zeithinger | 16.00 | 022.4 PLC 1965 | 23/11/2013 | C-2 | Books |